[Event "DOM-ch"]
[Site "Santo Domingo"]
[Date "2022.02.19"]
[Round "2"]
[White "Subervi Nunez, Jonathan Sigfredo"]
[Black "Franco Rodriguez, Andres Avelino"]
[Result "1-0"]
[WhiteElo "2145"]
[BlackElo "1987"]
[PlyCount "47"]
[EventDate "2022.02.18"]
[EventType "swiss"]
[EventRounds "11"]
[EventCountry "DOM"]
[SourceTitle "EXT 2023"]
[Source "ChessBase"]
[SourceDate "2022.10.05"]
[SourceVersion "1"]
[SourceVersionDate "2022.10.05"]
[SourceQuality "1"]

1. e4 c5 2. Nf3 d6 3. c3 Nf6 4. h3 Nc6 5. Bd3 Nh5 6. 0-0 Nf4 7. Bc4 e5 8. d4 Qf6 9. Bxf4 Qxf4 10. dxc5 dxc5 11. Na3 Be7 12. Bd5 0-0 13. Nc4 Be6 14. Bxe6 fxe6 15. Qd7 Kh8 16. Qxb7 Rac8 17. Qd7 Qf6 18. Rad1 Qg6 19. Nfxe5 Nxe5 20. Nxe5 Qf6 21. Nc6 Rce8 22. e5 Qf7 23. Qxa7 Bg5 24. Qxc5 1-0

[Event "DOM-ch"]
[Site "Santo Domingo"]
[Date "2022.02.18"]
[Round "1"]
[White "Franco Rodriguez, Andres Avelino"]
[Black "Simo Paulino, Leonardo Michael"]
[Result "1-0"]
[WhiteElo "1987"]
[BlackElo "1368"]
[PlyCount "77"]
[EventDate "2022.02.18"]
[EventType "swiss"]
[EventRounds "11"]
[EventCountry "DOM"]
[SourceTitle "EXT 2023"]
[Source "ChessBase"]
[SourceDate "2022.10.05"]
[SourceVersion "1"]
[SourceVersionDate "2022.10.05"]
[SourceQuality "1"]

1. e4 e6 2. Nc3 d5 3. Nf3 d4 4. Ne2 Nc6 5. Ng3 e5 6. Bc4 Nf6 7. Ng5 Be6 8. Bxe6 fxe6 9. Nxe6 Qd7 10. Nxf8 Rxf8 11. d3 0-0-0 12. Bd2 Qe7 13. Qe2 Kb8 14. b3 h5 15. h4 Ng4 16. f3 Nf6 17. 0-0-0 Qd6 18. Kb2 Qc5 19. Rc1 Rd6 20. Nf5 Rd7 21. c3 g6 22. cxd4 Nxd4 23. Nxd4 Qxd4+ 24. Bc3 Qxd3 25. Qxd3 Rxd3 26. Bxe5 Rd2+ 27. Rc2 Rxc2+ 28. Kxc2 a6 29. Rd1 Kc8 30. Rd3 Nd7 31. Bg3 Rg8 32. Rd5 Kd8 33. Kd2 c6 34. Rd4 g5 35. hxg5 Ke8 36. f4 Ke7 37. f5 b6 38. Ke3 Ke8 39. g6 1-0

[Event "DOM-ch"]
[Site "Santo Domingo"]
[Date "2018.04.21"]
[Round "2"]
[White "Franco Rodriguez, Andres Avelino"]
[Black "Arias Diaz, Ernesto Antonio"]
[Result "0-1"]
[WhiteElo "2025"]
[BlackElo "1842"]
[PlyCount "130"]
[EventDate "2018.04.20"]
[EventType "swiss"]
[EventRounds "11"]
[EventCountry "DOM"]
[SourceTitle "CBM 184 Extra"]
[Source "ChessBase"]
[SourceDate "2018.06.28"]
[SourceVersion "1"]
[SourceVersionDate "2018.06.28"]
[SourceQuality "1"]

1. d4 d5 2. c4 e6 3. Nc3 Nf6 4. Nf3 Be7 5. Bf4 a6 6. e3 dxc4 7. Bxc4 b5 8. Be2 Bb7 9. 0-0 Nbd7 10. Ne5 c5 11. Bf3 Qb6 12. a4 Nxe5 13. Bxe5 Rd8 14. a5 Qa7 15. Qe2 0-0 16. dxc5 Bxf3 17. Qxf3 Nd5 18. Qg3 f6 19. Qg4 Qd7 20. Nxd5 Qxd5 21. Bc7 Rc8 22. Rfd1 f5 23. Qf4 Qxc5 24. Rac1 Qb4 25. Qe5 Qe4 26. Qxe4 fxe4 27. Kf1 Bf6 28. b3 Rf7 29. Bd6 Bc3 30. Rd4 Rd7 31. Bb4 Rdc7 32. Bxc3 Rxc3 33. Rxc3 Rxc3 34. Rxe4 Kf7 35. b4 Rb3 36. Ke2 Rb2+ 37. Kf3 Ke7 38. h4 Kd6 39. h5 g5 40. hxg6 hxg6 41. Rd4+ Ke5 42. Kg3 g5 43. Rd7 Rxb4 44. Ra7 Ra4 45. Rxa6 b4 46. Rb6 Kd5 47. Kf3 Kc4 48. Rxe6 Rxa5 49. Ke4 b3 50. Rc6+ Rc5 51. Rb6 Rb5 52. Rc6+ Kb4 53. Rc1 b2 54. Rb1 Kc3 55. f4 g4 56. f5 Rb4+ 57. Ke5 Kd3 58. f6 Kc2 59. Rxb2+ Rxb2 60. f7 Rb8 61. e4 Kd3 62. Kf5 Rf8 63. Kxg4 Kxe4 64. Kg5 Rxf7 65. Kg6 Rf8 0-1

[Event "Santo Domingo Independencia op"]
[Site "Santo Domingo"]
[Date "2018.02.17"]
[Round "3"]
[White "Guzman, Christopher"]
[Black "Franco Rodriguez, Andres Avelino"]
[Result "1-0"]
[WhiteElo "2272"]
[BlackElo "2042"]
[PlyCount "45"]
[EventDate "2018.02.16"]
[EventType "swiss"]
[EventRounds "8"]
[EventCountry "DOM"]
[SourceTitle "CBM 187 Extra"]
[Source "ChessBase"]
[SourceDate "2018.11.04"]
[SourceVersion "1"]
[SourceVersionDate "2018.11.04"]
[SourceQuality "1"]

1. e4 c5 2. Nf3 g6 3. d4 Bg7 4. dxc5 Qa5+ 5. Bd2 Qxc5 6. Bc3 Nf6 7. Bd3 Nc6 8. 0-0 d6 9. Nbd2 Bg4 10. h3 h5 11. Nb3 Bxf3 12. Qxf3 Qb6 13. a4 a6 14. a5 Qc7 15. Qe3 Bh6 16. Qe2 Bf4 17. Nd2 Be5 18. Bxe5 Nxe5 19. f4 Qc5+ 20. Kh2 Nc6 21. Nb3 Qa7 22. e5 dxe5 23. fxe5 1-0

[Event "Santo Domingo op11"]
[Site "Santo Domingo"]
[Date "2017.11.26"]
[Round "8"]
[White "Mendez Ramirez, Victor"]
[Black "Franco Rodriguez, Andres Avelino"]
[Result "0-1"]
[WhiteElo "1919"]
[BlackElo "2043"]
[PlyCount "58"]
[EventDate "2017.11.17"]
[EventType "swiss"]
[EventRounds "8"]
[EventCountry "DOM"]
[SourceTitle "CBM 181 Extra"]
[Source "ChessBase"]
[SourceDate "2017.12.12"]
[SourceVersion "1"]
[SourceVersionDate "2017.12.12"]
[SourceQuality "1"]

1. d4 Nf6 2. Nf3 d5 3. Bf4 Bf5 4. e3 e6 5. c4 Bxb1 6. Qxb1 Bb4+ 7. Kd1 Ne4 8. Qc2 c6 9. Bd3 f5 10. a3 Bd6 11. Bxd6 Qxd6 12. Ke2 Nd7 13. Rhe1 h6 14. h3 g5 15. g4 0-0-0 16. b4 Rdf8 17. cxd5 exd5 18. gxf5 Rxf5 19. Bxe4 dxe4 20. Qxe4 Rhf8 21. Nd2 Rxf2+ 22. Kd3 Nf6 23. Qh1 Nh5 24. Ne4 Qd5 25. Rac1 Ra2 26. Ra1 Qb3+ 27. Nc3 Qc2+ 28. Kc4 b5+ 29. Kc5 Qxc3+ 0-1

[Event "DOM-ch"]
[Site "Santo Domingo"]
[Date "2017.05.07"]
[Round "11"]
[White "Campusano Espinosa, Zoilo Nelson"]
[Black "Franco Rodriguez, Andres Avelino"]
[Result "0-1"]
[WhiteElo "2141"]
[BlackElo "2046"]
[PlyCount "48"]
[EventDate "2017.04.21"]
[EventType "swiss"]
[EventRounds "11"]
[EventCountry "DOM"]
[SourceTitle "EXT 2018"]
[Source "ChessBase"]
[SourceDate "2017.10.13"]
[SourceVersion "1"]
[SourceVersionDate "2017.10.13"]
[SourceQuality "1"]

1. e4 c5 2. Nf3 g6 3. g3 Bg7 4. Bg2 Nc6 5. d3 Nf6 6. 0-0 d6 7. Nbd2 0-0 8. Re1 Qc7 9. c3 e5 10. h3 Rb8 11. Nf1 h6 12. g4 h5 13. g5 Nh7 14. Ne3 Be6 15. b3 b5 16. Bb2 b4 17. h4 bxc3 18. Bxc3 Nd4 19. Bd2 f6 20. Nd5 Nxf3+ 21. Bxf3 Qf7 22. gxf6 Nxf6 23. Be3 Nxd5 24. exd5 Bxd5 0-1

[Event "DOM-ch"]
[Site "Santo Domingo"]
[Date "2017.04.29"]
[Round "7"]
[White "Reyes Perez, Eury Luis"]
[Black "Franco Rodriguez, Andres Avelino"]
[Result "0-1"]
[WhiteElo "1895"]
[BlackElo "2046"]
[PlyCount "83"]
[EventDate "2017.04.21"]
[EventType "swiss"]
[EventRounds "11"]
[EventCountry "DOM"]
[SourceTitle "CBM 178 Extra"]
[Source "ChessBase"]
[SourceDate "2017.06.22"]
[SourceVersion "1"]
[SourceVersionDate "2017.06.22"]
[SourceQuality "1"]

1. c4 d6 2. d4 Nf6 3. Nc3 c6 4. e4 Nbd7 5. f3 c5 6. Be3 cxd4 7. Bxd4 Qa5 8. Qd2 g6 9. Nb5 Qxd2+ 10. Kxd2 Bh6+ 11. Kc2 Kd8 12. Rd1 b6 13. Bxf6 Nxf6 14. e5 a6 15. Nxd6 exd6 16. exf6 Kc7 17. h4 Bf4 18. Nh3 Bg3 19. Ng5 h6 20. Ne4 Bf5 21. Bd3 Bxe4 22. Bxe4 Rad8 23. Bd5 Rhf8 24. h5 g5 25. Rhe1 Bxe1 26. Rxe1 Rde8 27. Re4 Rxe4 28. Bxe4 Re8 29. Bd5 Re2+ 30. Kc3 Rxg2 31. Bxf7 Kd7 32. a4 Rg3 33. Bd5 Rh3 34. Kb4 Rxh5 35. f7 Ke7 36. a5 bxa5+ 37. Kxa5 Rh2 38. b4 Ra2+ 39. Kb6 Ra4 40. b5 axb5 41. cxb5 h5 42. Kc7 0-1

[Event "DOM-ch"]
[Site "Santo Domingo"]
[Date "2017.04.22"]
[Round "2"]
[White "Polanco Nunez, Yoel Estarling"]
[Black "Franco Rodriguez, Andres Avelino"]
[Result "1-0"]
[WhiteElo "2183"]
[BlackElo "2046"]
[PlyCount "53"]
[EventDate "2017.04.21"]
[EventType "swiss"]
[EventRounds "11"]
[EventCountry "DOM"]
[SourceTitle "CBM 178 Extra"]
[Source "ChessBase"]
[SourceDate "2017.06.22"]
[SourceVersion "1"]
[SourceVersionDate "2017.06.22"]
[SourceQuality "1"]

1. d4 Nf6 2. Nf3 e6 3. c4 b6 4. a3 Bb7 5. Nc3 d5 6. Bg5 dxc4 7. e4 Be7 8. Bxf6 Bxf6 9. Bxc4 0-0 10. 0-0 Nd7 11. e5 Be7 12. Re1 a6 13. a4 Bb4 14. Re3 Bxc3 15. bxc3 Re8 16. Qe2 c6 17. Nd2 b5 18. Bd3 Nf8 19. Ne4 Re7 20. Ra3 b4 21. Qh5 Rc7 22. Rg3 Ng6 23. Ng5 h6 24. Nxe6 fxe6 25. Qxg6 Rf7 26. Qh7+ Kf8 27. Bg6 1-0

[Event "Santo Domingo Independencia op"]
[Site "Santo Domingo"]
[Date "2017.02.25"]
[Round "3"]
[White "Mendez Ramirez, Victor"]
[Black "Franco Rodriguez, Andres Avelino"]
[Result "0-1"]
[WhiteElo "1863"]
[BlackElo "2032"]
[PlyCount "54"]
[EventDate "2017.02.24"]
[EventType "swiss"]
[EventRounds "7"]
[EventCountry "DOM"]
[SourceTitle "CBM 177 Extra"]
[Source "ChessBase"]
[SourceDate "2017.04.27"]
[SourceVersion "1"]
[SourceVersionDate "2017.04.27"]
[SourceQuality "1"]

1. d4 Nf6 2. Nf3 b6 3. Bf4 e6 4. e3 Bb7 5. Nbd2 Be7 6. h3 c5 7. c3 cxd4 8. exd4 0-0 9. Be2 Nc6 10. 0-0 d5 11. Bd3 Bd6 12. Ne5 Qc7 13. Re1 Rfe8 14. Bg3 Nd7 15. Qf3 Ndxe5 16. dxe5 Nxe5 17. Bxe5 Bxe5 18. Bxh7+ Kf8 19. Qh5 Bf6 20. Bd3 Qf4 21. Qe2 e5 22. Bb5 Re7 23. Qe3 Qf5 24. Bd3 e4 25. Be2 Bg5 26. Qd4 e3 27. Nf1 Re4 0-1

[Event "Santo Domingo Duarte Memorial 6th"]
[Site "Santo Domingo"]
[Date "2017.02.04"]
[Round "6"]
[White "Franco Rodriguez, Andres Avelino"]
[Black "Guzman, Christopher"]
[Result "0-1"]
[WhiteElo "2032"]
[BlackElo "2328"]
[PlyCount "120"]
[EventDate "2017.01.27"]
[EventType "swiss"]
[EventRounds "8"]
[EventCountry "DOM"]
[SourceTitle "CBM 176 Extra"]
[Source "ChessBase"]
[SourceDate "2017.03.02"]
[SourceVersion "1"]
[SourceVersionDate "2017.03.02"]
[SourceQuality "1"]

1. Nf3 Nf6 2. d4 e6 3. c4 b6 4. Nc3 Bb7 5. e3 Bb4 6. Bd2 0-0 7. Bd3 c5 8. 0-0 cxd4 9. exd4 Bxc3 10. bxc3 Ne4 11. Bf4 d5 12. Qc2 Nd7 13. cxd5 exd5 14. Rae1 Ndf6 15. Ne5 Rc8 16. Qb3 Nd7 17. f3 Nxe5 18. Bxe5 Nd2 19. Qc2 Nxf1 20. Bxh7+ Kh8 21. Rxf1 Rc6 22. Bd3 Qc8 23. Qd2 f6 24. Bg3 Ba6 25. Bg6 f5 26. Qg5 Rxg6 27. Qxg6 Bxf1 28. Be5 Qd7 29. Kxf1 Qf7 30. Qg5 Rc8 31. h4 Rc6 32. h5 Kh7 33. Kg1 Rh6 34. g4 fxg4 35. fxg4 Rc6 36. Qe3 Kg8 37. Kg2 b5 38. a3 a5 39. Kg3 Qe7 40. Qf3 Qe6 41. g5 Qf7 42. Bf4 Qf5 43. Bd2 Qxf3+ 44. Kxf3 Re6 45. Bf4 Re4 46. h6 gxh6 47. gxh6 Kh7 48. Be3 Rh4 49. Ke2 Rh2+ 50. Kd3 Ra2 51. Bc1 Kg6 52. Bf4 Rxa3 53. Kc2 Ra2+ 54. Kb3 Rf2 55. Bc1 Rf1 56. Bd2 Rh1 57. Bf4 Rxh6 58. Bc7 a4+ 59. Kb4 Kf5 60. Bd8 Ra6 0-1

[Event "Santo Domingo Autumn op"]
[Site "Santo Domingo"]
[Date "2016.10.07"]
[Round "6"]
[White "Franco Rodriguez, Andres Avelino"]
[Black "Contreras Rodriguez, Felipe"]
[Result "1-0"]
[WhiteElo "2084"]
[BlackElo "1904"]
[PlyCount "44"]
[EventDate "2016.10.07"]
[EventType "swiss"]
[EventRounds "8"]
[EventCountry "DOM"]
[SourceTitle "CBM 175 Extra"]
[Source "ChessBase"]
[SourceDate "2016.12.12"]
[SourceVersion "1"]
[SourceVersionDate "2016.12.12"]
[SourceQuality "1"]

1. d4 Nf6 2. Nf3 d5 3. c4 e6 4. Nc3 Be7 5. Bf4 Bb4 6. Qa4+ Nc6 7. Ne5 Bd7 8. Nxd7 Qxd7 9. e3 0-0 10. a3 Bxc3+ 11. bxc3 Ne4 12. Qc2 g5 13. Bg3 f5 14. f3 Nf6 15. Bd3 dxc4 16. Bxc4 Nd5 17. Bf2 f4 18. e4 Nf6 19. 0-0 Kg7 20. Rab1 Na5 21. Ba2 b6 22. Rfd1 c6 1-0

[Event "Santo Domingo Cerrado op 2nd"]
[Site "Santo Domingo"]
[Date "2016.05.21"]
[Round "2"]
[White "Guzman, Christopher"]
[Black "Franco Rodriguez, Andres Avelino"]
[Result "1-0"]
[WhiteElo "2253"]
[BlackElo "2098"]
[PlyCount "75"]
[EventDate "2016.05.20"]
[EventType "swiss"]
[EventRounds "6"]
[EventCountry "DOM"]
[SourceTitle "CBM 172 Extra"]
[Source "ChessBase"]
[SourceDate "2016.06.21"]
[SourceVersion "1"]
[SourceVersionDate "2016.06.21"]
[SourceQuality "1"]

1. e4 c5 2. Nf3 g6 3. d4 Bg7 4. Be3 Qb6 5. Nc3 Nf6 6. dxc5 Qxb2 7. Nb5 Nxe4 8. Rb1 Nc3 9. Rxb2 Nxd1 10. Kxd1 Bxb2 11. Nc7+ Kd8 12. Nxa8 Nc6 13. Bc4 f6 14. Ke2 e5 15. Rd1 g5 16. Rd6 Rf8 17. h4 g4 18. Nd2 Nd4+ 19. Bxd4 Bxd4 20. Ne4 g3 21. c3 Bxf2 22. Nxf2 gxf2 23. Kxf2 b6 24. cxb6 Ke7 25. Rd2 Bb7 26. Nc7 axb6 27. Nd5+ Bxd5 28. Bxd5 f5 29. Rb2 Kd6 30. c4 Kc7 31. g3 h5 32. Bf3 f4 33. Bxh5 fxg3+ 34. Kxg3 Rg8+ 35. Bg4 Kc6 36. Rb5 d6 37. h5 Ra8 38. Bf3+ 1-0

[Event "DOM-ch"]
[Site "Santo Domingo"]
[Date "2016.04.09"]
[Round "7"]
[White "Franco Rodriguez, Andres Avelino"]
[Black "Ferreira Fernandez, Sergio"]
[Result "1-0"]
[WhiteElo "2087"]
[BlackElo "2089"]
[PlyCount "153"]
[EventDate "2016.04.01"]
[EventType "swiss"]
[EventRounds "11"]
[EventCountry "DOM"]
[SourceTitle "CBM 171 Extra"]
[Source "ChessBase"]
[SourceDate "2016.04.26"]
[SourceVersion "1"]
[SourceVersionDate "2016.04.26"]
[SourceQuality "1"]

1. d4 Nf6 2. Nf3 g6 3. g3 Bg7 4. Bg2 0-0 5. 0-0 d5 6. c3 c5 7. dxc5 a5 8. Nd4 Na6 9. c6 bxc6 10. Nxc6 Qc7 11. Nd4 e5 12. Nb5 Qc6 13. a4 Be6 14. b3 Rad8 15. Ba3 Rfe8 16. Nd2 Qb6 17. e3 Bg4 18. Bf3 Bxf3 19. Qxf3 e4 20. Qe2 Nc5 21. Bxc5 Qxc5 22. Rfc1 Nd7 23. Rab1 Ne5 24. b4 Qb6 25. Nb3 Nd3 26. Nxa5 Nxc1 27. Rxc1 Ra8 28. Qd1 Rxa5 29. bxa5 Qxa5 30. Qxd5 Qxa4 31. c4 Bb2 32. Rd1 Re5 33. Qd8+ Kg7 34. Rd7 Rf5 35. Kg2 Bf6 36. Qe8 Qxc4 37. Nc7 Re5 38. Qb8 Qe2 39. Ne8+ Kh6 40. Nxf6 Qf3+ 41. Kg1 Qxf6 42. Qf8+ Qg7 43. Qxf7 Qxf7 44. Rxf7 g5 45. h4 Kg6 46. Rf8 Kg7 47. Rd8 gxh4 48. gxh4 Rh5 49. Kg2 Rxh4 50. Kg3 Rh6 51. Rd7+ Kf8 52. Kg4 Rf6 53. Kg3 h6 54. Rd4 Re6 55. Rd5 Ra6 56. Kf4 Ra2 57. Rf5+ Ke7 58. Kxe4 h5 59. Kf3 h4 60. Rh5 Ra4 61. e4 Ra3+ 62. Kg4 Ra2 63. f3 Rg2+ 64. Kxh4 Kf6 65. Rf5+ Ke6 66. Rg5 Ra2 67. Kg4 Ra4 68. Kf4 Rb4 69. Rg6+ Kf7 70. Ra6 Rb3 71. e5 Ke7 72. Ke4 Rc3 73. f4 Rh3 74. f5 Rh1 75. e6 Rf1 76. Kd5 Rb1 77. Ra7+ 1-0